01000nam a2200205 i 4500001000700000003000900007005001700016007000300033008004100036110003200077245007800109260005300187300002000240505023100260610004400491651006300535700004400598740012800642852002400770129995ES-MaACL20250902115455.0t|070713s1892 sp ||||1| spa d2 aSociedad Colombina Onubense10aMemoria correspondiente al año de 1891 / cSociedad Colombina Onubense. a[Huelva : bSociedad Colombina Onubense, c1892] a1 v. ; c22 cm.8 aContiene: Juicio crítico acerca de la participación que tuvieron en el descubrimiento del Nuevo Continente los hermanos Pinzón / por Cesáreo Fernández Duro. Memoria premiada por la Sociedad Colombina Onubense en 189124aSociedad Colombina Onubense-vMemorias. 4aAmérica-xDescubrimientos y exploraciones-xEspañoles.1 aFernández Duro, Cesáreo,d1830-190802aJuicio crítico acerca de la participación que tuvieron en el descubrimiento del Nuevo Continente los hermanos Pinzón.4 aES-MaACLjT-535-F-7